{"text_format":"3","workbook":"xls","n_sheets":4,"sheets":["Sheet1","Sheet2","Sheet3","Sheet4"],"read":"whole","date_system":"1900","formulas":"cached_only"}

{"sheet":"Sheet1","index":0,"n_rows":79,"n_cols":6,"rows_kept":79,"merged":[[0,0,0,5],[59,6,60,6]],"flags":["formulas_cached_only"]}
["50000元采购清单"]
["规格品名","单位","数量","单价","金额(元)","备注"]
["纸杯","包",1500,0.5,750]
["文件架","个",30,25,750]
["文件夹","个",60,15,900]
["资料夹（30页）","个",30,15,450]
["资料夹（40页）","个",60,15,900]
["垫板","个",10,5,50]
["印油","瓶",24,12,288]
["印台","个",20,12,240]
["记事本","本",200,30,6000]
["笔芯（大容量）","支",100,1.5,150]
["中性笔","支",100,5,500]
["白板笔","支",8,4,32]
["口取纸","包",30,2.5,75]
["剪子","把",12,10,120]
["会计科目章","套",10,15,150]
["工作日记本","本",150,20,3000]
["订书钉","盒",14,1,14]
["计算器","台",10,23,230]
["回形针","盒",30,1,30]
["大头针","盒",30,1.5,45]
["长尾夹","盒",30,23,690]
["复写纸（36K)","盒",10,5,50]
["复写纸（48K）","盒",10,3.5,35]
["帐本、帐皮","套",20,6,120]
["固体胶","个",72,1.6,115.2]
["A4复印纸","箱",40,180,7200]
["白板","块",1,340,340]
["凭证","本",100,1.5,150]
["小记事本","本",150,15,2250]
["胶棒","支",24,4.9,117.60000000000001]
["订书机","个",10,18,180]
["7.5米尺子","把 ",5,23,115]
["百米绳","把",2,30,60]
["10米尺子","把",2,40,80]
["红色中性笔","支",36,2,72]
["计算器","个",15,25,375]
["信纸","本",300,5,1500]
["拉链袋","个 ",20,1,20]
["档案盒","个",100,15,1500]
["60页文件夹","个 ",100,12,1200]
["中性笔 粗管","盒",20,30,600]
["32G U盘","个",18,60,1080]
["500G 硬盘","个",2,600,1200]
["装订针","个",10,4,40]
["装订线","卷",5,6,30]
["文件架","个 ",8,16,128]
["胶带","大卷",10,2.5,25]
["胶带","小卷",6,0.5,3]
["网线","米",100,2,200]
["小软皮本","本",50,15,750]
["签字笔","支",100,3,300]
["文件袋","个",30,1,30]
["长尾夹","盒",30,22,660]
["自动铅笔","支",30,3,90]
["橡皮","块",30,1.5,45]
["名片夹 ","本",60,3,180]
["中性笔","支",100,1.5,150]
["牛皮纸文件袋","个",150,1.5,225]
["尺子","把",10,2,20]
["配钥匙","把",12,3,36]
["插排","个",30,58,1740]
["出库单","本",20,3,60]
["笔记本","本",100,10,1000]
["白板笔蓝色","支",5,1,5]
["白板笔黑色","支",5,4,20]
["大软皮本","本",50,25,1250]
["区别针",null,30,1.5,45]
["扫帚",null,10,18,180]
["圆珠笔",null,50,3,150]
["会议记录","本",50,13.8,690]
["墨盒",null,20,150,3000]
["信笺纸",null,200,2,400]
["硒鼓",null,10,130,1300]
["电话机",null,20,120,2400]
["垃圾桶 ",null,40,25,1000]
["抽干文件夹",null,30,10,300]
[{"$nulls":4},50175.8]

{"sheet":"Sheet2","index":1,"n_rows":0,"n_cols":0,"rows_kept":0,"flags":["formulas_cached_only"]}

{"sheet":"Sheet3","index":2,"n_rows":0,"n_cols":0,"rows_kept":0,"flags":["formulas_cached_only"]}

{"sheet":"Sheet4","index":3,"n_rows":5,"n_cols":5,"rows_kept":5,"merged":[[0,0,0,2]],"flags":["formulas_cached_only"]}
[]
["打印","A0",20]
[null,"A1",15]
[null,"A3",3,18,54]
[null,"A4",1.3,3,3.9]